| 000 | 00481nam a22001817a 4500 | ||
|---|---|---|---|
| 005 | 20260318105942.0 | ||
| 008 | 260318b |||||||| |||| 00| 0 eng d | ||
| 020 | _a13:978-93-6053-692-3 | ||
| 050 | _aBF 76.5 .J33 2016 | ||
| 100 | _aJACKSON SHERRI L | ||
| 245 | _aRESEARCH METHODS AND STATISTICS | ||
| 250 | _a5th | ||
| 260 |
_aAUSTRALIA _bCENGAGE _c2016 |
||
| 300 | _aXD,508 | ||
| 500 | _aINCLUDES AN INDEX | ||
| 650 | _aPSYCHOLOGY-RESEARCH METHODOLOGY | ||
| 942 |
_2lcc _cBK |
||
| 999 |
_c216840 _d216840 |
||